Posolstvo jozefínskych dokumentov Cisárove návštevy a pevnostné plány. Časť piata

Bibliographic Details
Main Author: Duchoň, Jozef (Author)
Format: Article
Language:Slovak
Subjects:

MARC

LEADER 00000nab a2200000 a 4500
001 vtls000898260
003 SK-MaSNL
005 20260304220701.0
008 040720e19980710xo 0 slo
035 |a KE7273 
040 |a KEVKJB  |b slo  |c KEVKJB  |e AACR2 
041 0 |a slo 
044 |a xo  |c SK 
080 |a 711.28"17"  |2 1981 
100 1 |a Duchoň, Jozef  |4 aut  |9 317656 
245 1 0 |a Posolstvo jozefínskych dokumentov  |b Cisárove návštevy a pevnostné plány. Časť piata 
518 |a stor. 18. 
590 |a Jozef II.  |b cisár 
600 0 7 |a Jozef  |b II.,  |c cisár Svätej ríše rímskej,  |d 1741-1790  |2 KEVKJB  |9 239882 
650 0 7 |a plány historické  |2 KEVKJB  |9 884929 
650 0 7 |a mestské opevnenia   |2 KEVKJB  |9 70043 
650 0 7 |a návšteva Košíc  |2 KEVKJB  |9 873219 
651 7 |a Košice (Slovensko)  |2 KEVKJB  |9 18694 
651 7 |a KE,  |2 KEVKJB  |9 877256 
651 7 |a KE,  |2 KEVKJB  |9 877256 
655 7 |a periodikum  |2 snkbucl  |9 29553 
655 7 |a štúdie  |2 KEVKJB  |9 57033 
773 0 8 |t Košický večer  |g Roč. 3  |g Roč. 30, 10.7.1998 
773 0 8 |i Príl.:  |t Magazín. - Roč. 3, č. 27 (1998), s.6.- Obr. 3. 
852 |a ZVYKNI  |b KIS3GCP 
999 |c 3153821  |d 3155751